|
|
|
|
| LEADER |
01290nam a2200301 a 4500 |
| 001 |
6463 |
| 003 |
BD-DhAAL |
| 008 |
090503s1970 enk 001 0 eng b |
| 999 |
|
|
|c 316
|d 316
|
| 010 |
|
|
|a \\\75451616
|
| 020 |
|
|
|a 0853690634
|
| 040 |
|
|
|a DLC
|c DLC
|d DLC
|d BD-DhAAL
|
| 082 |
0 |
0 |
|a 615
|
| 110 |
2 |
|
|a Pharmaceutical Society of Great Britain.
|b Dept. of Pharmaceutical Sciences.
|9 41659
|
| 245 |
1 |
0 |
|a Pharmaceutical handbook:
|b incorporating the Pharmaceutical pocket book.
|c edited by R.G.Todd.
|
| 250 |
|
|
|a Eighteenth edition
|
| 260 |
|
|
|a London,
|b Pharmaceutical P.,
|c 1970.
|
| 300 |
|
|
|a iii-xv, 702 pages ;
|c 19 cm.
|
| 350 |
|
|
|a 70/-
|
| 490 |
0 |
|
|a An Extra pharmacopoeia companion volume
|
| 500 |
|
|
|a Seventeenth ed., by the Pharmaceutical Society of Great Britain, has title: Pharmaceutical pocket book.
|
| 541 |
1 |
|
|e 6463
|
| 650 |
|
0 |
|a Pharmacy
|x Handbooks, manuals, etc.
|9 41660
|
| 650 |
|
2 |
|a Pharmacy.
|9 41661
|
| 710 |
2 |
|
|a Pharmaceutical Society of Great Britain.
|t Pharmaceutical pocket book.
|9 41662
|
| 852 |
4 |
|
|a Ayesha Abed Library
|c General Stacks
|
| 942 |
|
|
|2 ddc
|c BK
|
| 952 |
|
|
|0 0
|1 0
|2 ddc
|4 0
|6 615_PHA_197000000000000
|7 0
|9 289
|a BRACUL
|b BRACUL
|c GEN
|d 2009-05-03
|g 0.00
|l 3
|m 23
|o 615 PHA
|p 3010006463
|r 2025-02-17
|s 2024-12-05
|t 1
|w 2009-05-03
|y BK
|x No price found in the accession register.
|